000 00290nam a22001217a 4500
008 230627b xxu||||| |||| 00| 0 eng d
082 _a338.9
_bBOO 2006
245 _aEconomic Affairs
260 _bBlackwell Publishing
_c2006
300 _a90p
440 _n2
_v26
_x02650665
942 _2ddc
_cBK
999 _c2883
_d2883